Los Servicios técnicos de agricultura / Ramon Aliberch
Colección:
San Jorge,
; núm. 3 (juliol 1951), pàg. 69
Idioma:
Español
MARC
| LEADER | 00000naa a2200000 a 4500 | ||
|---|---|---|---|
| 003 | Arxiu | ||
| 005 | 20260324181027.0 | ||
| 008 | 160829s1951 spc xx s spa c | ||
| 040 | |a agdb | ||
| 100 | 1 | |a Aliberch, Ramon, |d 1888-1965 |9 21621 | |
| 245 | |a Los Servicios técnicos de agricultura / Ramon Aliberch | ||
| 490 | |a San Jorge, |v núm. 3 (juliol 1951), pàg. 69 | ||
| 610 | 1 | 0 | |a Barcelona (Catalunya : Província). |b Servicios Técnicos de Agricultura |9 54614 |
| 773 | |t San Jorge |g Núm. 3 (juliol 1951), pàg. 69 | ||
| 901 | |a Arxiu | ||
| 942 | |n 1 |2 udc |c ART | ||
| 952 | |0 0 |1 0 |4 0 |6 REV508 |7 1 |9 64726 |a Arxiu |b Arxiu |d 2022-12-12 |l 0 |o Rev-508 |r 2022-12-12 00:00:00 |w 2022-12-12 |y ARXIU | ||
| 999 | |c 44134 |d 44134 | ||